Statistieken voor De Zeven Continenten Quiz

Klik hier om de quiz te nemen!

Algemene statistieken

  • Deze quiz is 1.028 keer genomen
  • De gemiddelde score is 7 of 7

Antwoorden op de kaart

Antwoorden kleurgecodeerd door een groen-rode schaal op de quizkaart volgens % correct hieronder.
Laden...
 

Antwoordstatistieken

Answer% Correct
Afrika
98%
Azië
96%
Noord-Amerika
96%
Europa
95%
Zuid-Amerika
95%
Antarctica
95%
Oceanië
94%

Scoreverdeling

Percentiel versus Aantal Correcte Antwoorden

Procent van Mensen met Elke Score

Uw Scoregeschiedenis

U heeft deze quiz nog niet genomen